Word Ladder: West African Capital and Country Quiz Stats

 Plays Quiz Updated Jul 3, 2018

Challenge
Share
Tweet
Embed
Score 0/22 Timer 02:30
2 Plays Today
4-Letter Answer % Correct
• FREE •
98.6%
FEET
97.8%
• SEA •
97.6%
BEET
97.2%
• TOWN •
96.8%
LOST
96.7%
BEST
96.5%
FRET
95.7%
PEN
95.2%
BRA
94.6%
LOOT
94.4%
4-Letter Answer % Correct
LEST
94.2%
• ERA •
93.9%
SPA
93.8%
TOON
93%
LOON
92.8%
EPA
91.9%
• OWN •
91.6%
BEA
90.5%
PWN
85.1%
• LEA •
76.2%
LEN
74.7%

Today's Daily Dose

Missing Word
Hayao Miyazaki

Word Ladder
Florida

On This Day
December 13th II

You're not logged in!

Compare scores with friends on all Sporcle quizzes.
OR
Log In

You Might Also Like...

Show Comments

Extras

Top Quizzes Today


Score Distribution

Your Account Isn't Verified!

In order to create a playlist on Sporcle, you need to verify the email address you used during registration. Go to your Sporcle Settings to finish the process.

Report this User

Report this user for behavior that violates our Community Guidelines.

Details: